Województwo włocławskie 1975-98 miasta - Statystyki

Ogólne statystyki
  • Ten quiz został rozwiązany 47 razy
  • Średni wynik to 10 z 16
Statystyki odpowiedzi
Ludność Miasto % Poprawnych
123 373 Włocławek
100%
15 608 Lipno
88%
4 692 Brześć Kujawski
78%
3 440 Kowal
75%
5 151 Radziejów
75%
13 031 Aleksandrów Kujawski
73%
16 971 Rypin
70%
11 312 Ciechocinek
68%
1 166 Lubień Kujawski
68%
2 415 Dobrzyń nad Wisłą
65%
1 616 Chodecz
55%
3 915 Lubraniec
53%
2 693 Izbica Kujawska
50%
4 326 Piotrków Kujawski
45%
3 475 Skępe
45%
2 047 Nieszawa
43%
Nie znaleziono quizów pasujących do podanych kryteriów
Rozkład punktacji
Procent ludzi z każdym wynikiem
Percentyl według liczby udzielonych odpowiedzi
Twoja historia wyników
Nie rozwiązałeś tego quizu